000 00283nam a2200109Ia 4500
008 220204s9999 xx 000 0 und d
082 _a581:001.814
_bADV.4
245 0 _aAdvances in botanical research. V 4.
260 _aLondon
_bAcademic
_c1977
650 _aPlant lectin
942 _cBK
999 _c33408
_d33408